Billion Dollar Movies with Quotes - Statistics

General Stats
  • This quiz has been taken 23 times
    16 since last reset
  • The average score is 33 of 49
Answer Stats
Year Quote Movie % Correct
2012 "Avengers Assemble!" The Avengers
100%
2009 "I see you" Avatar
91%
2019 "I am Iron Man" Avengers:Endgame
82%
2018 "Wakanda Forever!" Black Panther
82%
2021 "With great power, there must also come great responsibility" Spiderman: No Way Home
82%
2016 "Just keep swimming!" Finding Dory
82%
2013 "Do you wanna build a snowman?" Frozen
82%
1993 "Welcome to _____!" Jurassic Park
82%
2003 "My precious" Lord of the Rings:Return of the King
82%
2019 "Hakuna Matata" The Lion King
82%
1997 "I'm flying, Jack!" Titanic
82%
2022 "Talk to me, Goose!" Top Gun:Maverick
82%
2022 "The Sea is our Home" Avatar: The Way of Water
73%
2015 "There are no Strings on Me" Avengers: Age of Ultron
73%
2015 "Life finds a Way" Jurassic World
73%
2012 "Bond. James Bond." Skyfall
73%
2019 "Mysterio was a hero" Spiderman:Far from Home
73%
2019 "The force will be with you...always." Star Wars IX
73%
2017 "Let the past die. Kill it, if you have to" Star Wars VIII
73%
2012 "No one cared who I was until I put on the mask" The Dark Knight Rises
73%
2023 "It's a-me!" The Super MarioBros. Movie
73%
2010 "So long, partner." Toy Story 3
73%
2019 "To infinity...and Beyond!" Toy Story 4
73%
2018 "Justice League!" Aquaman
64%
2023 "We fixed everything in the real world so all women are happy and powerful" Barbie
64%
2018 "Dread it. Run from it.Destiny still arrives." Avengers: Infinity War
64%
2017 "Family" Fate of the Furious
64%
2001 "It takes a great deal of bravery to stand up to our enemies, but just as much to stand up to our friends." Harry Potter and the Sorcerer's Stone
64%
2018 "Put these on. Your identity is your most valuable possession. Protect it. And if anything goes wrong, use your powers." Incredibles 2
64%
2018 "Some people say progress is a bad thing. But try having a magnet in your chest keeping you alive." Iron Man 3
64%
2018 "Clever Girl" Jurassic World:Fallen Kingdom
64%
2015 "Banana!" Minions
64%
2006 "Savvy?" Pirates of the Caribbean:Dead Man's Chest
64%
2011 "Drink up, me hearties. Yo ho!" Pirates of the Caribbean:On Stranger Tides
64%
2016 "Rebellions are built on hope!" Rogue One
64%
2014 "That's Prime" Transformers:Age of Extinction
64%
2011 "Autobots, Roll Out!" Transformers:Dark of the Moon
64%
2017 "Tale as old as Time" Beauty and the Beast
55%
2019 "Higher, further, faster, baby" Captain Marvel
55%
2019 "A bridge has two sides" Frozen 2
55%
2011 "Always" Harry Potter and the Deathly Hallows (Part 2)
55%
2019 "You ain't never had a friend like me!" Aladdin
45%
2010 "We're all Mad here." Alice in Wonderland
45%
2016 "I don't like bullies; I don't care where they came from" Captain America:Civil War
45%
2017 "Bello!" Despicable Me 3
45%
2015 "I don't have friends. I got family" Furious 7
45%
2022 "Dinosaurs eat man. Women inherit the Earth." Jurassic World Dominion
45%
2012 "In a hole in the ground, there lived a ___" The Hobbit:An Unexpected Journey
45%
2016 "Try everything!" Zootopia
36%
No matching quizzes found
Score Distribution
Percent of People with Each Score
Percentile by Number Answered
Your Score History
You have not taken this quiz since the last reset